000 00447nam a2200181Ia 4500
001 16068
005 20260306170242.0
008 260306t2004||||xx |||||||||||||| ||und||
041 _aESP
082 _a346.6
_bF38
100 _aFerreyros Soto, Carlos
_eAUT
245 0 _aLos contratos en la sociedad de la información
260 _c2004
300 _a524 pƔginas :
_c21 cm.
650 _aGEN
654 _aCDE
942 _cLIB
_dJUS
_fJUS
_2ddc
_n
999 _c16068
_d16068